Dubied Knitting Manual (Record no. 357792)
[ view plain ]
| 000 -LEADER | |
|---|---|
| fixed length control field | 00593nam a22001697a 4500 |
| 005 - DATE AND TIME OF LATEST TRANSACTION | |
| control field | 20240506151701.0 |
| 008 - FIXED-LENGTH DATA ELEMENTS--GENERAL INFORMATION | |
| fixed length control field | 240424b |||||||| |||| 00| 0 eng d |
| 041 ## - LANGUAGE CODE | |
| Language code of text/sound track or separate title | English |
| 082 ## - DEWEY DECIMAL CLASSIFICATION NUMBER | |
| Classification number | 746.33 |
| Item number | DUB |
| 100 ## - MAIN ENTRY--PERSONAL NAME | |
| Author | Dubied Edouard |
| 245 ## - TITLE STATEMENT | |
| Title | Dubied Knitting Manual |
| 260 ## - PUBLICATION, DISTRIBUTION, ETC. | |
| Place of publication, distribution, etc. | Switzerland |
| Name of publisher, distributor, etc. | Dubied Edouard |
| Date of publication, distribution, etc. | 1967 |
| 300 ## - PHYSICAL DESCRIPTION | |
| Extent | 198 |
| 520 ## - SUMMARY, ETC. | |
| Summary, etc. | • The Elements of A Knitting Machine<br/>• The Yarns Knitted<br/>• The Basic fabrics<br/>• Draw Threads<br/>• Special Equipment<br/>• The Jacquard Fabrics<br/>• The Fabrics in Purl Stitch<br/> |
| 650 ## - SUBJECT ADDED ENTRY--TOPICAL TERM | |
| Topical term or geographic name entry element | Knitting |
| 942 ## - ADDED ENTRY ELEMENTS (KOHA) | |
| Koha item type | Donated Book |
| Withdrawn status | Lost status | Source of classification or shelving scheme | Damaged status | Not for loan | Home library | Current library | Date acquired | Total Checkouts | Full call number | Barcode | Date last seen | Actual Price | Koha item type | Original Barcode |
|---|---|---|---|---|---|---|---|---|---|---|---|---|---|---|
| Dewey Decimal Classification | School of Fashion Technology | School of Fashion Technology | 12/03/2024 | 746.33 DUB | SOFT-BK-D55 | 24/04/2024 | 1.00 | Donated Book | D55 |